Zásady a formy riadenia základných prevádzkových jednotiek prostredníctvom hospodárskych stredísk v systéme spotrebných družstiev na Slovensku záverečná práca postgraduálneho štúdia
Guardado en:
| Autor principal: | |
|---|---|
| Autor Corporativo: | |
| Otros Autores: | |
| Formato: | Libro |
| Lenguaje: | eslovaco |
| Publicado: |
Bratislava
1989
|
| Etiquetas: |
Sin Etiquetas, Sea el primero en etiquetar este registro!
|
MARC
| LEADER | 00000nam a2200000 4500 | ||
|---|---|---|---|
| 001 | c040444 | ||
| 005 | 20260108100213.6 | ||
| 041 | 0 | |a slo | |
| 044 | |a SK | ||
| 245 | 1 | 0 | |a Zásady a formy riadenia základných prevádzkových jednotiek prostredníctvom hospodárskych stredísk v systéme spotrebných družstiev na Slovensku |b záverečná práca postgraduálneho štúdia |c Marcel Drusa ; Ved. práce J. Kita |
| 264 | 1 | |a Bratislava |c 1989 | |
| 300 | |a 46 s. | ||
| 100 | 1 | |a Drusa, Marcel | |
| 700 | 1 | |a Kita, Jaroslav | |
| 710 | 2 | |a Vysoká škola ekonomická v Bratislave | |